000 01089cad a22002175a 4500
001 L150884
008 100909s2010 xxk f 000 0 eng d
035 _a(Sirsi) u150884
041 0 _aeng
050 0 4 _a333.33 $2 19
110 2 _aSavills Research
_95211
245 0 2 _aA change of direction
_bHow the first six months of 2010 have changed the housing market
_h[electronic resource]
260 _aLondon
_bSavills Research
_c2010
490 0 _aResidential Property Focus
_vAugust 2010
520 _aUnited kingdom (UK) house price increases in first half 2010 are due to supply/demand imbalance. Notes regional variations and difference in prime and secondary. Predicts that average prices will return to end of 2008 levels by end of 2011 and will return back to peak of 2007 levels by 3 Quarter 2014.
590 _aKA
651 4 _aUnited Kingdom
_y
690 _aPROPERTY-RESIDENTIAL PROPERTY-RESIDENTIAL PROPERTY MARKET
856 4 0 _uhttps://www.savills.com/uk-research/residential-property-focus-august-2010.pdf
_z View this item free of charge at www.savills.com
942 _n0
999 _c111006
_d111006